000 06042cam a22018494i 4500
003 PE-LiUPU
005 20250813165830.0
008 150706s2008 sp a rb 000 0 spa d
020 _a8480863854
020 _a9788480863858
035 _a(Sirsi) i9788480863858
040 _aPE-LiUPU
_bspa
_cPE-LiUPU
_dPE-LiUPU
_erda
049 _aPRUA
082 0 4 _a614.44
_bA8 1
_221
245 0 0 _aAtención primaria :
_bconceptos, organización y práctica clínica /
_ceditores, A. Martín Zurro, J.F. Cano Pérez.
250 _a6a edición.
264 1 _aBarcelona :
_bElsevier,
_c2008.
300 _a951 páginas :
_bilustraciones ;
_c28 centímetros
300 _a01 CD-ROM
336 _atext
_2rdacontent
337 _aunmediated
_2rdamedia
338 _avolume
_2rdacarrier
504 _aIncluye bibliografía.
505 0 _aPrincipios de la atención primaria de salud -- Atención primaria de salud -- La organización de las actividades en atención primaria: el centro de salud y el equipo de salud -- Gestión en atención primaria -- Entrevista clínica y relación asistencial -- Influencias socioculturales en los cuidados de salud. Enfoque familiar en atención primaria -- Abordaje familiar de los problemas psicosociales -- Inmigración y atención primaria -- Participación e intervención comunitarias -- Docencia en atención primaria y medicina de familia -- Investigación en atención primaria -- Investigación cualitativa en atención primaria -- Medición de la calidad de vida relacionada con la salud en atención primaria -- Medicina basada en la evidencia -- Ética y medicina de familia -- Medicina de familia en España y otros países -- Bases metodológicas -- Análisis de la situación y programas de salud -- Atención primaria orientada a la comunidad (APOC): una Visión actual -- Epidemiología -- Estadística -- Historia clínica y sistemas de información -- La historia clínica informatizada -- Utilización de medicamentos en atención primaria -- Recomendaciones para la práctica clínica. Guías, protocolos y consensos -- Mejora continua de la calidad -- Promoción de la salud y prevención -- Actividades preventivas y de promoción de la salud -- Actividades de prevención y promoción de la salud en la infancia y la adolescencia -- Actividades de prevención y promoción de la salud en el adulto -- Inmunizaciones -- Educación sanitaria -- Planificación familiar. Esterilidad -- Embarazo -- La alimentación y sus alteraciones -- Factores de riesgo: aspectos generales. Factores de riesgo: aspectos generales -- Hipertensión arterial -- Dislipemias -- Obesidad. Síndrome metabólico -- Diabetes mellitus -- Tabaquismo, alcoholismo y otras drogodependencias -- Riesgos medioambientales y laborales.
526 _aP203
526 _aP200
526 _aSEG65
526 _aSEG64
526 _aSEG63
526 _aSEG62
526 _aSEG61
526 _aSEG60
526 _aSEG59
526 _aSEG58
526 _aSEG57
526 _aSEG56
526 _aSEG55
526 _aSEG54
526 _aSEG53
526 _aSEG52
526 _aSEG51
526 _aSEG50
526 _aSEG49
526 _aSEG48
526 _aSEG47
526 _aSEG46
526 _aSEG24
526 _aSEG23
526 _aSEG22
526 _aSEG21
526 _aSEG20
526 _aSEG19
526 _aSEG18
526 _aSEG17
526 _aSEG16
526 _aSEG14
526 _aSEG13
526 _aSEG12
526 _aSEG11
526 _aSEG10
526 _aSEG09
526 _aSEG06
526 _aSEG05
526 _aSEG04
526 _aSEG03
526 _aSEG02
526 _aSEG68
526 _aSEG66
526 _aSEG45
526 _aSEG25
526 _aSEG01
526 _aP163
526 _aP162
526 _aP161
526 _aP160
526 _aP159
526 _aP158
526 _aP157
526 _aP156
526 _aP155
526 _aP154
526 _aP153
526 _aP152
526 _aP151
526 _aP150
526 _aP149
526 _aP142
526 _aP141
526 _aP140
526 _aP139
526 _aP138
526 _aP137
526 _aP132
526 _aP131
526 _aP130
526 _aP126
526 _aP125
526 _aP124
526 _aP123
526 _aP115
526 _aP122
526 _aP121
526 _aP116
526 _a P114
526 _aP112
526 _aP111
526 _aP104
526 _aP103
526 _aP102
526 _aP101
526 _aP100
526 _aP96
526 _aP95
526 _aP93
526 _aP92
526 _aP91
526 _aP88
526 _aP83
526 _aP82
526 _aP79
526 _aP78
526 _aP75
526 _aP74
526 _aP71
526 _aP69
526 _a P51
526 _aP49
526 _aP48
526 _aP47
526 _aP33
526 _aP31
526 _a P30
526 _aP29
526 _aP27
526 _aP26
526 _aP25
526 _aP24
526 _a P22
526 _aP10
526 _aP09
526 _a P08
526 _aP06
526 _aP05
526 _aP04
526 _aP01
541 _g001-003347;
650 1 7 _aAtención primaria
_2embne
650 2 7 _aMedicina clínica
_2embne
700 1 _aMartín Zurro, A.,
_eeditor.
700 1 _aCano Pérez, J. F.,
_eeditor.
910 _agl20110914
942 _2ddc
_cBOOK
949 _a614.44 A8 1
_wDEWEY
_c1
_i63657
_lCCODEBUL1
_mBUL
_p141.00
_r0
_sY
_tBOOK
_u2015-7-6
_xSALUD
_PP22
_o.STAFF. Colección Ciencias de la Salud
994 _aC0
_bPEPRU
596 _a1
999 _a614.44 A8 1
_wDEWEY
_c52565
_i63657
_d52565
_e2016-1-22
_f2021-11-4
_g5
_lCCODEBUL1
_mBUL
_n2
_p141.00
_r0
_sY
_tBOOK
_u2015-7-6
_xSALUD
_zP22
_0COMPRA
_o.STAFF. Colección Ciencias de la Salud
980 _81
_gALBERTO SANCHEZ Responsable de Automatización